Touching the void : (Record no. 6691)

MARC details
000 -LEADER
fixed length control field 01407nam a22002897a 4500
001 - CONTROL NUMBER
control field 6691
003 - CONTROL NUMBER IDENTIFIER
control field FISKH
005 - DATE AND TIME OF LATEST TRANSACTION
control field 20250521095601.0
008 - FIXED-LENGTH DATA ELEMENTS--GENERAL INFORMATION
fixed length control field 250521b cb ||||| |||| 00| 0 eng d
020 ## - INTERNATIONAL STANDARD BOOK NUMBER
International Standard Book Number 9780060730550
040 ## - CATALOGING SOURCE
Original cataloging agency FISKH
Language of cataloging eng
Transcribing agency FISKH
Modifying agency FISKH
050 ## - LIBRARY OF CONGRESS CALL NUMBER
Classification number GV199.S57 A3
082 ## - DEWEY DECIMAL CLASSIFICATION NUMBER
Classification number 796.522092
100 ## - MAIN ENTRY--PERSONAL NAME
Personal name Simpson, Joe
Dates associated with a name (1960-)
245 ## - TITLE STATEMENT
Title Touching the void :
Remainder of title The true story of one man's miraculous survival /
Statement of responsibility, etc. Joe Simpson ; With a foreword by Chris Bonington
250 ## - EDITION STATEMENT
Edition statement This edition first published in 2004
260 ## - PUBLICATION, DISTRIBUTION, ETC.
Place of publication, distribution, etc. New York :
Name of publisher, distributor, etc. Perennial,
Date of publication, distribution, etc. 2004
300 ## - PHYSICAL DESCRIPTION
Extent 218 pages :
Other physical details color illustrations ;
Dimensions 21 cm
505 ## - FORMATTED CONTENTS NOTE
Formatted contents note P<br/>
520 ## - SUMMARY, ETC.
Summary, etc. The 25th Anniversary ebook, now with more than 50 images. 'Touching the Void' is the tale of two mountaineer's harrowing ordeal in the Peruvian Andes. In the summer of 1985, two young, headstrong mountaineers set off to conquer an unclimbed route. They had triumphantly reached the summit, when a horrific accident mid-descent forced one friend to leave another for dead. Ambition, morality, fear and camaraderie are explored in this electronic edition of the mountaineering classic, with never before seen colour photographs taken during the trip itself.<br/>
521 8# - TARGET AUDIENCE NOTE
Target audience note 600<br/>
Source Lexile<br/>
521 8# - TARGET AUDIENCE NOTE
Target audience note P<br/>
Source Raz-Plus<br/>
650 ## - SUBJECT ADDED ENTRY--TOPICAL TERM
Source of heading or term Mountaineering
Topical term or geographic name entry element Survival
650 ## - SUBJECT ADDED ENTRY--TOPICAL TERM
Source of heading or term Climbing
Topical term or geographic name entry element Peru
942 ## - ADDED ENTRY ELEMENTS (KOHA)
Source of classification or shelving scheme Dewey Decimal Classification
Koha item type Books
Suppress in OPAC No
Holdings
Withdrawn status Lost status Source of classification or shelving scheme Damaged status Not for loan Collection Home library Current library Shelving location Date acquired Total Checkouts Full call number Barcode Date last seen Copy number Price effective from Koha item type
    Dewey Decimal Classification     Juvenile Fiction Footprints International School Library Network Toul Tom Poung Campus Footprints International School Library Network Toul Tom Poung Campus TTP Primary Yellow Bookshelves 05/21/2025   SIM 796.522092 GV199.S57 A3 FISSE01344 05/21/2025 1 05/21/2025 Books